| 000 | 01451cam a22003011i 4500 | ||
|---|---|---|---|
| 003 | SA-RiAUC | ||
| 005 | 20250205073642.0 | ||
| 008 | 250129s1997 su g 000 0 ara c | ||
| 040 |
_aJO-AmJU _bara _cSA-RiAUC _erda |
||
| 043 | _aa-su--- | ||
| 050 | 4 | _bM84 1997 | |
| 082 | 0 | 4 |
_a953.122 _qSA-RiAUC |
| 090 |
_a953.122 _b م ح م |
||
| 100 | 1 |
_aمحمد كبريت، محمد بن عبد الله بن محمد، _d1012-1070 هجري _eمؤلف. |
|
| 245 | 1 | 2 |
_aالجواهر الثمينة في محاسن المدينة / _cتأليف محمد كبريت الحسيني المدني ؛ تحقيق أحمد سعيد بن سلم. |
| 264 | 1 |
_aالمدينة المنورة : _bأحمد سعيد بن سلم، _c1997 |
|
| 300 |
_a385 صفحة ؛ _c24 سم |
||
| 336 |
_aنص _btxt _2rdacontent _3كتاب |
||
| 337 |
_aبدون وسيط _bn _2rdamedia |
||
| 338 |
_aمجلد _bnc _2rdacarrier |
||
| 650 | 7 |
_aالمزارات الإسلامية _2aucsh |
|
| 650 | 7 |
_aالمزارات الإسلامية _xتاريخ _2aucsh |
|
| 651 | 7 |
_aالمدينة المنورة _xتاريخ _2aucsh |
|
| 700 | 1 | 2 |
_iتحقيق لـ (عمل) : _aمحمد كبريت، محمد بن عبد الله بن محمد، _d1012-1070 هجري. _tالجواهر الثمينة في محاسن المدينة |
| 700 | 1 |
_aابن سلم، أحمد سعيد عبود، _d1350 هجري- _eمحقق. |
|
| 942 |
_2ddc _cBOOK _n0 |
||
| 949 |
_aSA-JeALM _d250129 _uosman123 _n1 |
||
| 999 |
_c5603 _d5603 |
||